00827nam a22002297a 4500003000900000008004100009040007100050082001900121110002500140245005300165260004900218300002600267505009700293650003000390650003300420700002000453700002300473700001900496700002300515700002200538710003700560AR-CdUCM190313b ||||| |||| 00| 0 spa d aMUNICIPALIDAD PROVINCIAL DEL CUSCOcBIBLIOTECA MUNICIPAL DEL CUSCO a980.04 /bH673 aCuadernos Americanos aHispanoamérica en lucha por su independencia / aMexico D. F. :bCuadernos americanos,c1962. a349 páginasc22 cm. aContenido: Miguel Hidalgo -- Bernardo Monteagudo -- Simón Bolívar -- Benito Juárez ... aHistoria Latino americana aPersonajes latino americanos aHidalgo, Miguel aBolívar, Simón aJuarez, Benito aYrigoyen, Hipolito aCastro Rus, Fidel aSociedad Bolivariana de México